| 000 | 00000nam##2200000za#4500 |
| 001 | 9.681399 |
| 003 | CaOODSP |
| 005 | 20250611103643 |
| 007 | ta |
| 008 | 150407|2001||||xxc||||| f|0| 0 fre|d |
| 020 | |a0-662-85502-7 |
| 040 | |aCaOODSP|bfre |
| 043 | |an-cn--- |
| 086 | 1 |aA22-166/1-2001F |
| 110 | 1 |aCanada. |bAgriculture et agroalimentaire Canada. |
| 245 | 10|aL'agriculture en harmonie avec la nature : |bII, stratégie de développement durable d'Agriculture et Agroalimentaire Canada, 2001-2004 |
| 260 | |aOttawa - Ontario : |bAgriculture et Agroalimentaire Canada |c2001. |
| 300 | |aviii, 65p. : |bill. ; |c28 cm. |
| 563 | |aCouverture souple |
| 590 | |a01-14|b2001-04-06 |
| 691 | 07|aGestion de l'environnement|2gcpds |
| 691 | 07|aRessources naturelles|2gcpds |
| 691 | 07|aSecteur agricole|2gcpds |
| 691 | 07|aPolitique agricole|2gcpds |
| 775 | 08|tAgriculture in harmony with nature : |w(CaOODSP)9.648013 |
| 776 | 0#|tL'agriculture en harmonie avec la nature : |w(CaOODSP)9.637686 |